| 000 | 01095nam0a2200313 4500 | ||
|---|---|---|---|
| 001 | RU\NLR\bibl\1255466 | ||
| 005 | 20250615125442.0 | ||
| 010 |
_a978-5-699-23679-4 _93000 |
||
| 021 |
_aRU _b2008-41359 _92286 |
||
| 035 | _a(NLR Aleph) 001241504 | ||
| 090 |
_a261841 _c261841 |
||
| 100 | _a20080723d2008 |||y0rusy50 ca | ||
| 101 | 1 |
_arus _ceng |
|
| 102 | _aRU | ||
| 105 | _aa ||||||||| | ||
| 200 | 1 |
_aMicrosoft Windows Vista _eшаг за шагом _fШелли О'Хара, Рон Мансфилд _g[пер. с англ. и ред. Н.И. Петуховой] |
|
| 210 |
_aМосква _cЭксмо _d2008 |
||
| 215 |
_a416 с. _cил. _d24 |
||
| 225 | 1 | _aШаг за шагом | |
| 320 | _aПредм. указ.: с. 415-416 | ||
| 606 | 1 |
_aMICROSOFT WINDOWS VISTA, операционная система _92431483 _3RU\NLR\auth\661447212 |
|
| 686 | _aЗ973.23-018.2 | ||
| 700 | 1 |
_aО'Хара _bШ. _gШелли _4070 |
|
| 701 | 1 |
_aМансфилд _bР. _gРон _4070 |
|
| 801 | 0 |
_aRU _bNLR _c20080723 _gRCR |
|
| 801 | 1 |
_aRU _bNLR _c20080723 |
|
| 942 | _cBOOK | ||
| 980 | _aNB | ||